| 000 | 01123nkm a2200337 c 4500 | ||
|---|---|---|---|
| 999 |
_c211593 _d211593 |
||
| 003 | BLK | ||
| 005 | 20200429112922.0 | ||
| 008 | 180413b bul rap|r|||| r0| ||bulo| | ||
| 010 | _aKNG00185691000 | ||
| 040 | _aBLK | ||
| 041 |
_aDEU _cDEU |
||
| 080 |
_aЖивопис _b75 _x(492):069 _z75(492):069 |
||
| 139 |
_aHollandische Malerei in den Museen der Sowjetunion _bH 75 _fH 75 _gО 49 |
||
| 245 | 1 | 0 |
_aHollandische Malerei in den Museen der Sowjetunion _bDer Bildband enthalt 322 Abbildungen davon 240 in Farbe |
| 257 | _aSUN | ||
| 260 |
_bAurora _c1983 |
||
| 300 |
_a520 p. _bill. _c34 cm |
||
| 380 | _a7 | ||
| 650 | 4 |
_aЖивопис, нидерландска _9305857 |
|
| 650 | 4 |
_aЖивопис - галерии, изложби, колекции и музеи _9254628 |
|
| 651 | 4 |
_aНидерландия _9179265 |
|
| 651 | 4 |
_aХоландия _9179745 |
|
| 653 | _aживопис | ||
| 653 | _aХоландия | ||
| 653 | _aмузеи | ||
| 852 | _aЦб Гр А ІІ 3143 | ||
| 856 | 4 |
_qpdf _u |
|
| 856 | 4 |
_qpdf _u |
|
| 942 |
_cGRA _n0 _01 _s1 |
||
| 944 |
_aCR _c22.12.2015 _kКамелия_Данева |
||
| 944 |
_aED _c22.12.2015 _kКамелия_Данева |
||
| 999 | _d211593 | ||